Grundlagen der Vermessungstechnik. Band 2 : Vermessungstechnisches Zeichen und geodätisches Rechnen

Enregistré dans:
Détails bibliographiques
Auteur principal: Petrahn, Günter (Auteur)
Format: Livre
Langue:allemand
Publié: Berlin : VEB Verlag für Bauwesen, 1977
Édition:2. preprac. vyd.
Tags: Ajouter un tag
Pas de tags, Soyez le premier à ajouter un tag!

MARC

LEADER 00000nam a22000003a 4500
001 stu212793
005 20150617230125.9
008 101013s1977----ge------------------ger-d
040 |a STU  |b slo 
041 0 |a ger 
044 |a ge 
080 |a 69.02 
100 1 |a Petrahn, Günter  |4 aut 
245 1 |a Grundlagen der Vermessungstechnik. Band 2 :  |b Vermessungstechnisches Zeichen und geodätisches Rechnen 
250 |a 2. preprac. vyd. 
260 |a Berlin :  |b VEB Verlag für Bauwesen,  |c 1977 
300 |a 236 s 
996 |c V*14770/O-5000  |l VV4  |s P  |a 0  |w stu212793_0001